1329 1462 1317 1453 1688 1536 1456 1415 1542 1076 1886 1022 1141 1894 1264 1352 1102 1442 1943 1126 1859 1742 1130 1465 1908 1295 1314 1154 1525 1766 1309 1383 1932 1830 1720 1504 1618 1895 1404 1422 1901 1105 1033 1670 1307 1348 1553 1027 1556 1358 1814 1855 1109 1180 1108 1824 1319 1222 1188 1912 1327 1111 1992 1364 1996 1824 1584 1240 1427 1206 1023 1544 1959 1696 1658 1642 1869 1864 1892 1407 1950 1695 1910 1227 1356 1873 1463 1723 1182 1568 1027 1825 1963 1755 1917 1741 1393 1400 1371 BCNSPRNW ULIB Ver.6.0+V

เปลี่ยนเป็นภาษาไทย

Change to English
 แสดงรายละเอียดบรรณานุกรม
  กลับหน้าหลัก

Brief Record : Get Marc (ISO 2709) : E-mail record : QR code < ปิดหน้าต่าง
LEADER : 00000nam 2200000uu 4500
001    13399111598
003     ULIB
008    110627s||||||||th 000 0 tha d
020    9789742361566
090    นว.^bฉ519ว 2551
100 0  เฉียวอัน
245 00 วิวาห์พาฝัน/^cเฉียวอัน
250    พิมพ์ครั้งที่ 1
260    กรุงเทพฯ :^bแจ่มใส,^c2551
300    196 หน้า
945    ^p149^l0^i024491
995    ทศพร
999 ^a ใช้งานได้ทุกระบบ
รายการนี้ยังไม่มีแท็ก
คุณยังไม่ได้ล็อกอิน คุณสามารถมีกิจกรรมร่วมกับเว็บไซต์ได้ แต่ต้องล็อกอินก่อน ::
  ล็อกอิน

รายการสื่อสารสนเทศ

ลำดับที่ ประเภท เลขเรียก/บาร์โค้ด สถานที่ สถานะ
- ไม่พบข้อมูล -

รายการใกล้เคียง
    ผู้แต่ง [เฉียวอัน]

BibComment


ยังไม่เคยถูกคอมเมนท์

คอมเมนท์ทรัพยากรรายการนี้
  คอมเมนท์: วิวาห์พาฝัน เฉียว..


 Copyright 2026. Bcnsprnw @Library